[Event "DVM U12 2023"]
[Site "Magdeburg GER"]
[Date "2023.12.29"]
[Round "5"]
[White "Vu, Khoi Nguyen"]
[Black "Tuktamyshev, Timur"]
[Result "1-0"]
[Termination "normal"]
[Board "7.3"]
[WhiteElo "1599"]
[BlackElo "1391"]
[WhiteClock "01:03:03"]
[BlackClock "01:17:10"]
[WhiteTeam "TSG Oberschöneweide"]
[BlackTeam "Hamburger SK 1830"]
[PlyCount "109"]
[WhiteFideId "34605088"]
[BlackFideId "34637125"]
[EventCountry "GER"]
[EventRounds "7"]
[EventType "team-swiss"]
[EventDate "2023.12.26"]

1. e4 {[%clk 01:30:58]} {[%emt 00:00:02]} e5 {[%clk 01:31:00]} {[%emt
00:00:02]} 2. Nf3 {[%clk 01:31:21]} {[%emt 00:00:06]} Nc6 {[%clk 01:31:29]}
{[%emt 00:00:01]} 3. Bc4 {[%clk 01:31:44]} {[%emt 00:00:06]} Nf6 {[%clk
01:31:57]} {[%emt 00:00:02]} 4. d3 {[%clk 01:31:27]} {[%emt 00:00:47]} Bc5
{[%clk 01:32:07]} {[%emt 00:00:20]} 5. c3 {[%emt 00:02:02]} d6 {[%clk
01:31:32]} 6. O-O {[%clk 01:30:54]} {[%emt 00:00:36]} Bg4 {[%emt 00:00:57]} 7.
Nbd2 {[%clk 01:30:49]} {[%emt 00:00:27]} O-O {[%emt 00:03:21]} 8. h3 {[%clk
01:29:50]} {[%emt 00:00:21]} Bh5 {[%clk 01:29:34]} {[%emt 00:00:25]} 9. Re1
{[%clk 01:30:11]} {[%emt 00:00:08]} Re8 {[%clk 01:29:43]} {[%emt 00:00:22]} 10.
Nf1 {[%clk 01:29:12]} {[%emt 00:01:29]} d5 {[%clk 01:26:21]} {[%emt 00:03:51]}
11. exd5 {[%clk 01:24:01]} {[%emt 00:05:42]} Nxd5 {[%clk 01:25:53]} {[%emt
00:00:57]} 12. Ng3 {[%clk 01:21:06]} {[%emt 00:03:25]} Bg6 {[%clk 01:25:13]}
{[%emt 00:01:11]} 13. Ne4 {[%clk 01:09:41]} {[%emt 00:11:54]} Bxe4 {[%clk
01:24:49]} {[%emt 00:00:55]} 14. Rxe4 {[%clk 01:09:42]} {[%emt 00:00:29]} Na5
{[%clk 01:20:26]} {[%emt 00:04:54]} 15. Bxd5 {[%clk 01:09:03]} {[%emt
00:01:09]} Qxd5 {[%clk 01:14:33]} {[%emt 00:06:22]} 16. b4 {[%clk 01:09:22]}
{[%emt 00:00:12]} Bxf2+ {[%clk 01:14:18]} {[%emt 00:00:44]} 17. Kxf2 {[%clk
01:09:44]} {[%emt 00:00:08]} Nc6 {[%clk 01:14:04]} {[%emt 00:00:45]} 18. Kg1
{[%clk 01:07:29]} {[%emt 00:02:45]} f5 {[%clk 01:13:59]} {[%emt 00:00:34]} 19.
Re2 {[%clk 01:07:03]} {[%emt 00:00:55]} e4 {[%clk 01:13:38]} {[%emt 00:00:53]}
20. Ne1 {[%clk 01:05:48]} {[%emt 00:01:44]} exd3 {[%clk 01:12:02]} {[%emt
00:02:07]} 21. Rxe8+ {[%clk 01:04:19]} {[%emt 00:02:00]} Rxe8 {[%clk 01:12:29]}
{[%emt 00:00:02]} 22. Nf3 {[%clk 01:03:27]} {[%emt 00:01:22]} Re2 {[%clk
01:10:01]} {[%emt 00:02:59]} 23. Qb3 {[%clk 01:03:30]} {[%emt 00:00:26]} Qxb3
{[%clk 01:10:18]} {[%emt 00:00:13]} 24. axb3 {[%clk 01:03:55]} {[%emt
00:00:06]} Ne5 {[%clk 01:09:34]} {[%emt 00:01:14]} 25. Nxe5 {[%clk 01:03:45]}
{[%emt 00:00:40]} Rxe5 {[%clk 01:08:57]} {[%emt 00:01:06]} 26. Bf4 {[%clk
01:03:25]} {[%emt 00:00:50]} Re4 {[%clk 01:08:52]} {[%emt 00:00:35]} 27. Bxc7
{[%clk 01:02:12]} {[%emt 00:01:43]} d2 {[%clk 01:08:56]} {[%emt 00:00:26]} 28.
Kf2 {[%clk 01:01:45]} {[%emt 00:00:57]} f4 {[%clk 01:08:51]} {[%emt 00:00:35]}
29. Rd1 {[%clk 01:01:25]} {[%emt 00:00:50]} Re3 {[%clk 01:08:50]} {[%emt
00:00:31]} 30. Rxd2 {[%clk 01:01:37]} {[%emt 00:00:18]} Rxc3 {[%clk 01:09:17]}
{[%emt 00:00:03]} 31. Bxf4 {[%clk 01:01:41]} {[%emt 00:00:26]} Rxb3 {[%clk
01:09:40]} {[%emt 00:00:07]} 32. Rd8+ {[%clk 01:01:55]} {[%emt 00:00:16]} Kf7
{[%clk 01:10:08]} {[%emt 00:00:02]} 33. Rd7+ {[%clk 01:02:13]} {[%emt
00:00:12]} Ke6 {[%clk 01:10:20]} {[%emt 00:00:17]} 34. Rxb7 {[%clk 01:02:24]}
{[%emt 00:00:19]} a5 {[%clk 01:10:47]} {[%emt 00:00:03]} 35. Bd2 {[%clk
00:59:40]} {[%emt 00:03:14]} Rb2 {[%clk 01:10:23]} {[%emt 00:00:54]} 36. Ke2
{[%clk 00:59:44]} {[%emt 00:00:26]} a4 {[%clk 01:10:41]} {[%emt 00:00:11]} 37.
Ra7 {[%clk 00:59:19]} {[%emt 00:00:55]} Kd6 {[%clk 01:10:28]} {[%emt 00:00:44]}
38. Rxa4 {[%clk 00:59:37]} {[%emt 00:00:12]} Kc6 {[%clk 01:10:55]} {[%emt
00:00:02]} 39. Ra7 {[%clk 00:59:51]} {[%emt 00:00:16]} Kb5 {[%clk 01:11:02]}
{[%emt 00:00:23]} 40. Rxg7 {[%clk 01:00:02]} {[%emt 00:00:19]} Ra2 {[%clk
01:11:27]} {[%emt 00:00:06]} 41. Rxh7 {[%clk 01:00:25]} {[%emt 00:00:06]} Ra8
{[%clk 01:11:54]} {[%emt 00:00:03]} 42. g4 {[%clk 01:00:17]} {[%emt 00:00:38]}
Rg8 {[%clk 01:12:19]} {[%emt 00:00:05]} 43. g5 {[%clk 01:00:42]} {[%emt
00:00:05]} Kc6 {[%clk 01:12:28]} {[%emt 00:00:21]} 44. h4 {[%clk 01:01:05]}
{[%emt 00:00:07]} Kb5 {[%clk 01:12:55]} {[%emt 00:00:04]} 45. h5 {[%clk
01:01:14]} {[%emt 00:00:20]} Ka4 {[%clk 01:13:16]} {[%emt 00:00:09]} 46. g6
{[%clk 01:01:28]} {[%emt 00:00:16]} Kb5 {[%clk 01:13:43]} {[%emt 00:00:03]} 47.
g7 {[%clk 01:01:36]} {[%emt 00:00:22]} Kc6 {[%clk 01:14:10]} {[%emt 00:00:03]}
48. h6 {[%clk 01:01:58]} {[%emt 00:00:09]} Kb5 {[%clk 01:14:32]} {[%emt
00:00:08]} 49. Rh8 {[%clk 01:02:16]} {[%emt 00:00:11]} Rxh8 {[%clk 01:14:57]}
{[%emt 00:00:05]} 50. gxh8=Q {[%clk 01:02:22]} {[%emt 00:00:07]} Kc4 {[%clk
01:15:25]} {[%emt 00:00:19]} 51. Qc3+ {[%clk 01:02:40]} {[%emt 00:00:12]} Kd5
{[%clk 01:15:49]} {[%emt 00:00:06]} 52. h7 {[%clk 01:02:54]} {[%emt 00:00:14]}
Ke6 {[%clk 01:16:16]} {[%emt 00:00:04]} 53. h8=Q {[%clk 01:02:46]} {[%emt
00:00:37]} Kd5 {[%clk 01:16:45]} {[%emt 00:00:03]} 54. Qc5+ {[%clk 01:03:00]}
{[%emt 00:00:15]} Ke4 {[%clk 01:17:10]} {[%emt 00:00:06]} 55. Qh4# {[%clk
01:03:03]} {[%emt 00:00:25]} 1-0

[Event "DVM U12 2023"]
[Site "Magdeburg GER"]
[Date "2023.12.29"]
[Round "5"]
[White "Heil, Felix"]
[Black "Schucht, Adrian"]
[Result "0-1"]
[Termination "normal"]
[Board "7.4"]
[WhiteElo "1289"]
[BlackElo "1392"]
[WhiteClock "00:01:10"]
[BlackClock "01:01:55"]
[WhiteTeam "Hamburger SK 1830"]
[BlackTeam "TSG Oberschöneweide"]
[PlyCount "88"]
[WhiteFideId "34604901"]
[BlackFideId "34605061"]
[EventCountry "GER"]
[EventRounds "7"]
[EventType "team-swiss"]
[EventDate "2023.12.26"]

1. e4 {[%clk 01:30:23]} {[%emt 00:00:36]} c6 {[%clk 01:30:38]} {[%emt
00:00:22]} 2. d4 {[%clk 01:29:48]} {[%emt 00:01:05]} d5 {[%clk 01:30:28]}
{[%emt 00:00:40]} 3. e5 {[%clk 01:27:58]} {[%emt 00:02:21]} c5 {[%clk
01:30:27]} {[%emt 00:00:29]} 4. c3 {[%clk 01:27:23]} {[%emt 00:01:05]} Nc6
{[%clk 01:30:39]} {[%emt 00:00:18]} 5. Nf3 {[%clk 01:27:18]} {[%emt 00:00:36]}
Bg4 {[%clk 01:30:52]} {[%emt 00:00:16]} 6. Be2 {[%clk 01:27:35]} {[%emt
00:00:13]} e6 {[%clk 01:30:57]} {[%emt 00:00:25]} 7. O-O {[%clk 01:26:05]}
{[%emt 00:02:00]} Nge7 {[%clk 01:30:17]} {[%emt 00:01:09]} 8. Bg5 {[%clk
01:17:25]} {[%emt 00:09:11]} h6 {[%clk 01:29:55]} {[%emt 00:00:52]} 9. Bh4
{[%clk 01:16:59]} {[%emt 00:00:55]} Bxf3 {[%clk 01:29:37]} {[%emt 00:00:48]}
10. Bxf3 {[%clk 01:16:54]} {[%emt 00:00:35]} g5 {[%clk 01:29:40]} {[%emt
00:00:28]} 11. Bg3 {[%clk 01:16:53]} {[%emt 00:00:30]} Nf5 {[%clk 01:29:38]}
{[%emt 00:00:32]} 12. Bg4 {[%clk 01:11:15]} {[%emt 00:06:09]} cxd4 {[%clk
01:27:24]} {[%emt 00:02:44]} 13. Bxf5 {[%clk 01:11:12]} {[%emt 00:00:32]} exf5
{[%clk 01:27:41]} {[%emt 00:00:13]} 14. cxd4 {[%clk 01:11:07]} {[%emt
00:00:34]} f4 {[%clk 01:27:48]} {[%emt 00:00:23]} 15. Bxf4 {[%clk 00:54:58]}
{[%emt 00:16:40]} gxf4 {[%clk 01:28:11]} {[%emt 00:00:07]} 16. Qb3 {[%clk
00:54:48]} {[%emt 00:00:39]} Qd7 {[%emt 00:08:50]} 17. Qd3 {[%clk 00:47:15]}
{[%emt 00:00:55]} Rg8 {[%clk 01:26:21]} {[%emt 00:01:08]} 18. Kh1 {[%clk
00:47:01]} {[%emt 00:00:45]} Qg4 {[%clk 01:26:02]} {[%emt 00:00:46]} 19. g3
{[%clk 00:46:54]} {[%emt 00:00:40]} fxg3 {[%clk 01:24:40]} {[%emt 00:01:52]}
20. fxg3 {[%clk 00:46:53]} {[%emt 00:00:31]} Qxd4 {[%clk 01:24:19]} {[%emt
00:00:50]} 21. Qf3 {[%clk 00:46:09]} {[%emt 00:01:14]} Qe4 {[%clk 01:23:20]}
{[%emt 00:01:29]} 22. Nc3 {[%clk 00:44:46]} {[%emt 00:01:54]} Qxf3+ {[%clk
01:23:06]} {[%emt 00:00:44]} 23. Rxf3 {[%clk 00:44:51]} {[%emt 00:00:25]} d4
{[%clk 01:23:10]} {[%emt 00:00:22]} 24. Nd5 {[%clk 00:44:41]} {[%emt 00:00:43]}
Kd8 {[%clk 01:20:52]} {[%emt 00:02:47]} 25. Rxf7 {[%clk 00:44:53]} {[%emt
00:00:19]} Nxe5 {[%clk 01:19:32]} {[%emt 00:01:49]} 26. Rxb7 {[%clk 00:40:55]}
{[%emt 00:04:29]} Bd6 {[%clk 01:16:29]} {[%emt 00:03:32]} 27. Nf6 {[%clk
00:38:08]} {[%emt 00:03:18]} Rf8 {[%clk 01:13:47]} {[%emt 00:03:10]} 28. Ne4
{[%clk 00:37:57]} {[%emt 00:00:43]} Bc7 {[%clk 01:11:42]} {[%emt 00:02:35]} 29.
Rc1 {[%clk 00:28:27]} {[%emt 00:10:00]} Rf7 {[%clk 01:09:53]} {[%emt 00:02:16]}
30. Rc5 {[%clk 00:22:10]} {[%emt 00:06:50]} Nd3 {[%clk 01:06:33]} {[%emt
00:03:50]} 31. Rc4 {[%clk 00:17:47]} {[%emt 00:04:54]} Rd7 {[%clk 01:02:10]}
{[%emt 00:05:05]} 32. Nf6 {[%clk 00:13:44]} {[%emt 00:04:21]} Nf2+ {[%clk
01:02:32]} {[%emt 00:00:08]} 33. Kg2 {[%clk 00:13:28]} {[%emt 00:00:46]} d3
{[%clk 01:02:54]} {[%emt 00:00:08]} 34. Kxf2 {[%clk 00:05:14]} {[%emt
00:08:44]} d2 {[%clk 01:03:11]} {[%emt 00:00:12]} 35. Re4 {[%clk 00:05:01]}
{[%emt 00:00:43]} Bb6+ {[%clk 01:02:58]} {[%emt 00:00:42]} 36. Kg2 {[%clk
00:04:49]} {[%emt 00:00:43]} Rxb7 {[%clk 01:02:58]} {[%emt 00:00:30]} 37. Re8+
{[%clk 00:03:48]} {[%emt 00:01:32]} Kc7 {[%clk 01:03:11]} {[%emt 00:00:17]} 38.
Re7+ {[%clk 00:03:34]} {[%emt 00:00:42]} Kc6 {[%clk 01:02:26]} {[%emt
00:01:13]} 39. Re6+ {[%clk 00:03:43]} {[%emt 00:00:24]} Kb5 {[%clk 01:02:12]}
{[%emt 00:00:38]} 40. Re5+ {[%clk 00:03:39]} {[%emt 00:00:39]} Ka6 {[%clk
01:02:20]} {[%emt 00:00:21]} 41. Nd5 {[%clk 00:03:15]} {[%emt 00:00:55]} Bd4
{[%clk 01:01:24]} {[%emt 00:01:26]} 42. Re6+ {[%clk 00:02:20]} {[%emt
00:01:25]} Rb6 {[%clk 01:01:19]} {[%emt 00:00:36]} 43. Nxb6 {[%clk 00:01:04]}
{[%emt 00:01:45]} Bxb6 {[%clk 01:01:34]} {[%emt 00:00:16]} 44. Rd6 {[%clk
00:01:10]} {[%emt 00:00:25]} Rd8 {[%clk 01:01:55]} {[%emt 00:00:08]} 0-1

[Event "DVM U12 2023"]
[Site "Magdeburg GER"]
[Date "2023.12.29"]
[Round "5"]
[White "Dodul, Arthur"]
[Black "Vlach, Ludwig"]
[Result "1-0"]
[Termination "normal"]
[Board "8.1"]
[WhiteElo "1569"]
[BlackElo "1363"]
[WhiteClock "01:07:24"]
[BlackClock "00:45:32"]
[WhiteTeam "Barnimer SF im SV Stahl Finow"]
[BlackTeam "SG Trier 1877"]
[PlyCount "93"]
[WhiteFideId "34609016"]
[BlackFideId "4007344"]
[EventCountry "GER"]
[EventRounds "7"]
[EventType "team-swiss"]
[EventDate "2023.12.26"]

1. e4 {[%clk 01:30:57]} {[%emt 00:00:02]} e6 {[%clk 01:30:56]} {[%emt
00:00:04]} 2. c4 {[%clk 01:31:15]} {[%emt 00:00:12]} Nf6 {[%clk 01:28:44]}
{[%emt 00:02:42]} 3. e5 {[%clk 01:30:54]} {[%emt 00:00:51]} Ne4 {[%clk
01:26:29]} {[%emt 00:02:45]} 4. d3 {[%clk 01:29:31]} {[%emt 00:01:53]} Bb4+
{[%clk 01:25:37]} {[%emt 00:01:22]} 5. Ke2 {[%clk 01:24:00]} {[%emt 00:06:01]}
Qh4 {[%clk 01:21:58]} {[%emt 00:04:07]} 6. dxe4 {[%clk 01:23:00]} {[%emt
00:01:31]} Qxe4+ {[%emt 00:02:54]} 7. Be3 {[%emt 00:00:07]} Qxc4+ {[%clk
01:19:25]} {[%emt 00:00:29]} 8. Qd3 {[%clk 01:23:20]} {[%emt 00:00:09]} Qg4+
{[%clk 01:18:52]} {[%emt 00:01:04]} 9. Nf3 {[%clk 01:23:02]} {[%emt 00:00:48]}
b6 {[%clk 01:18:40]} {[%emt 00:00:44]} 10. h3 {[%clk 01:22:47]} {[%emt
00:00:43]} Qh5 {[%clk 01:16:33]} {[%emt 00:02:37]} 11. g4 {[%clk 01:23:01]}
{[%emt 00:00:16]} Qg6 {[%clk 01:16:17]} {[%emt 00:00:47]} 12. Qxg6 {[%clk
01:23:22]} {[%emt 00:00:09]} fxg6 {[%clk 01:16:34]} {[%emt 00:00:13]} 13. a3
{[%clk 01:23:19]} {[%emt 00:00:33]} Ba6+ {[%clk 01:16:03]} {[%emt 00:01:01]}
14. Kd1 {[%clk 01:23:42]} {[%emt 00:00:06]} Bb7 {[%clk 01:16:11]} {[%emt
00:00:24]} 15. Bg2 {[%clk 01:23:45]} {[%emt 00:00:25]} O-O {[%clk 01:15:40]}
{[%emt 00:01:02]} 16. Nh4 {[%clk 01:23:50]} {[%emt 00:00:25]} Bxg2 {[%clk
01:15:27]} {[%emt 00:00:44]} 17. Nxg2 {[%clk 01:24:16]} {[%emt 00:00:03]} Be7
{[%clk 01:15:46]} {[%emt 00:00:11]} 18. Nc3 {[%clk 01:24:30]} {[%emt 00:00:16]}
a6 {[%clk 01:13:20]} {[%emt 00:02:57]} 19. Ke2 {[%clk 01:20:58]} {[%emt
00:04:00]} Nc6 {[%clk 01:12:38]} {[%emt 00:01:14]} 20. f4 {[%clk 01:20:51]}
{[%emt 00:00:36]} d6 {[%clk 01:09:08]} {[%emt 00:04:00]} 21. exd6 {[%clk
01:20:48]} {[%emt 00:00:33]} Bxd6 {[%clk 01:08:30]} {[%emt 00:01:08]} 22. Ne4
{[%clk 01:20:59]} {[%emt 00:00:19]} b5 {[%clk 01:06:05]} {[%emt 00:02:56]} 23.
Rhd1 {[%clk 01:20:30]} {[%emt 00:00:58]} Rad8 {[%clk 01:04:42]} {[%emt
00:01:55]} 24. Rac1 {[%clk 01:19:23]} {[%emt 00:01:36]} Na5 {[%clk 01:01:46]}
{[%emt 00:03:27]} 25. Nxd6 {[%clk 01:16:29]} {[%emt 00:03:24]} cxd6 {[%clk
01:01:56]} {[%emt 00:00:20]} 26. Bb6 {[%clk 01:16:32]} {[%emt 00:00:27]} Nb3
{[%clk 01:01:28]} {[%emt 00:00:58]} 27. Rc3 {[%clk 01:16:46]} {[%emt 00:00:17]}
Rb8 {[%clk 01:01:36]} {[%emt 00:00:22]} 28. Bc7 {[%clk 01:17:03]} {[%emt
00:00:12]} Rbc8 {[%clk 01:01:28]} {[%emt 00:00:39]} 29. Bxd6 {[%clk 01:13:58]}
{[%emt 00:03:35]} Rxc3 {[%clk 01:01:35]} {[%emt 00:00:23]} 30. bxc3 {[%clk
01:14:20]} {[%emt 00:00:08]} Rc8 {[%clk 01:01:14]} {[%emt 00:00:49]} 31. Be5
{[%clk 01:14:20]} {[%emt 00:00:31]} Nc5 {[%clk 00:58:51]} {[%emt 00:02:52]} 32.
Rc1 {[%clk 01:09:20]} {[%emt 00:05:30]} Ne4 {[%clk 00:58:14]} {[%emt 00:01:08]}
33. Ne3 {[%clk 01:09:10]} {[%emt 00:00:39]} a5 {[%clk 00:56:40]} {[%emt
00:02:05]} 34. c4 {[%clk 01:08:21]} {[%emt 00:01:19]} Nf6 {[%clk 00:49:21]}
{[%emt 00:07:49]} 35. c5 {[%clk 01:07:17]} {[%emt 00:01:34]} Nd5 {[%clk
00:46:20]} {[%emt 00:03:31]} 36. Nxd5 {[%clk 01:07:01]} {[%emt 00:00:47]} exd5
{[%clk 00:45:06]} {[%emt 00:01:42]} 37. c6 {[%clk 01:07:20]} {[%emt 00:00:12]}
b4 {[%clk 00:45:03]} {[%emt 00:00:33]} 38. axb4 {[%clk 01:07:41]} {[%emt
00:00:09]} axb4 {[%clk 00:45:27]} {[%emt 00:00:06]} 39. c7 {[%clk 01:08:05]}
{[%emt 00:00:06]} h6 {[%clk 00:45:23]} {[%emt 00:00:33]} 40. Rb1 {[%clk
01:08:02]} {[%emt 00:00:04]} h5 {[%clk 00:45:24]} {[%emt 00:00:29]} 41. Rxb4
{[%clk 01:08:57]} {[%emt 00:00:05]} hxg4 {[%clk 00:44:53]} {[%emt 00:01:00]}
42. hxg4 {[%clk 01:07:50]} {[%emt 00:01:38]} g5 {[%clk 00:44:56]} {[%emt
00:00:27]} 43. Rb8 {[%clk 01:08:03]} {[%emt 00:00:16]} Rxb8 {[%clk 00:45:08]}
{[%emt 00:00:20]} 44. cxb8=Q+ {[%emt 00:00:09]} Kf7 {[%emt 00:00:30]} 45. Qc7+
{[%clk 01:07:50]} {[%emt 00:00:04]} Ke8 {[%clk 00:45:14]} {[%emt 00:00:23]} 46.
Bd6 {[%clk 01:07:24]} {[%emt 00:00:56]} gxf4 {[%clk 00:45:32]} {[%emt
00:00:12]} 47. Qe7# {[%emt 00:00:29]} 1-0

[Event "DVM U12 2023"]
[Site "Magdeburg GER"]
[Date "2023.12.29"]
[Round "5"]
[White "Classen, Miguel"]
[Black "Madel, Luca"]
[Result "0-1"]
[Termination "normal"]
[Board "8.2"]
[WhiteElo "1168"]
[BlackElo "1335"]
[WhiteClock "01:26:18"]
[BlackClock "00:29:32"]
[WhiteTeam "SG Trier 1877"]
[BlackTeam "Barnimer SF im SV Stahl Finow"]
[PlyCount "134"]
[WhiteFideId "34623825"]
[BlackFideId "16296516"]
[EventCountry "GER"]
[EventRounds "7"]
[EventType "team-swiss"]
[EventDate "2023.12.26"]

1. e4 {[%clk 01:30:58]} {[%emt 00:00:02]} d5 {[%clk 01:30:38]} {[%emt
00:00:21]} 2. exd5 {[%clk 01:31:23]} {[%emt 00:00:06]} Qxd5 {[%clk 01:30:57]}
{[%emt 00:00:10]} 3. Nc3 {[%clk 01:31:47]} {[%emt 00:00:06]} Qa5 {[%clk
01:31:01]} {[%emt 00:00:25]} 4. d4 {[%clk 01:32:05]} {[%emt 00:00:13]} c6
{[%clk 01:31:15]} {[%emt 00:00:16]} 5. Bd3 {[%clk 01:32:09]} {[%emt 00:00:26]}
Nf6 {[%clk 01:31:24]} {[%emt 00:00:21]} 6. Bd2 {[%clk 01:32:08]} {[%emt
00:00:31]} Qc7 {[%clk 01:31:24]} {[%emt 00:00:29]} 7. Nf3 {[%emt 00:00:43]} Bg4
{[%clk 01:31:25]} {[%emt 00:00:26]} 8. h3 {[%clk 01:31:08]} {[%emt 00:01:21]}
Bh5 {[%clk 01:31:18]} {[%emt 00:00:36]} 9. Be2 {[%clk 01:30:36]} {[%emt
00:01:02]} e6 {[%clk 01:30:46]} {[%emt 00:01:02]} 10. Ne5 {[%clk 01:29:56]}
{[%emt 00:01:10]} Bxe2 {[%clk 01:30:55]} {[%emt 00:00:21]} 11. Qxe2 {[%clk
01:29:47]} {[%emt 00:00:38]} Bd6 {[%clk 01:30:39]} {[%emt 00:00:45]} 12. O-O-O
{[%clk 01:28:18]} {[%emt 00:02:00]} Nbd7 {[%clk 01:24:36]} {[%emt 00:06:32]}
13. f4 {[%clk 01:27:31]} {[%emt 00:01:18]} Bxe5 {[%clk 01:24:02]} {[%emt
00:01:03]} 14. dxe5 {[%clk 01:27:50]} {[%emt 00:00:12]} Nd5 {[%clk 01:24:15]}
{[%emt 00:00:16]} 15. Ne4 {[%clk 01:27:39]} {[%emt 00:00:41]} Ke7 {[%clk
01:16:23]} {[%emt 00:08:21]} 16. Nd6 {[%clk 01:27:44]} {[%emt 00:00:26]} Kf8
{[%clk 01:04:06]} {[%emt 00:12:48]} 17. g4 {[%clk 01:25:00]} {[%emt 00:03:14]}
Ne7 {[%clk 00:57:26]} {[%emt 00:07:09]} 18. Rhf1 {[%clk 01:20:30]} {[%emt
00:05:01]} f5 {[%clk 00:52:48]} {[%emt 00:05:07]} 19. gxf5 {[%clk 01:17:53]}
{[%emt 00:03:07]} Nxf5 {[%clk 00:44:01]} {[%emt 00:09:17]} 20. Nxf5 {[%clk
01:16:57]} {[%emt 00:01:25]} exf5 {[%clk 00:44:15]} {[%emt 00:00:17]} 21. Qh5
{[%clk 01:12:48]} {[%emt 00:04:39]} g6 {[%clk 00:42:15]} {[%emt 00:02:29]} 22.
Qg5 {[%clk 01:11:43]} {[%emt 00:01:36]} Re8 {[%clk 00:36:58]} {[%emt 00:05:46]}
23. Rg1 {[%clk 01:10:57]} {[%emt 00:01:18]} Kf7 {[%clk 00:33:12]} {[%emt
00:04:15]} 24. Ba5 {[%clk 01:04:43]} {[%emt 00:06:43]} b6 {[%clk 00:27:02]}
{[%emt 00:06:41]} 25. Bc3 {[%clk 01:04:40]} {[%emt 00:00:32]} Re6 {[%clk
00:24:38]} {[%emt 00:02:54]} 26. Qh6 {[%clk 01:03:26]} {[%emt 00:01:45]} Nc5
{[%clk 00:15:09]} {[%emt 00:09:57]} 27. b3 {[%clk 01:01:59]} {[%emt 00:01:58]}
Ne4 {[%clk 00:13:56]} {[%emt 00:01:54]} 28. Bb2 {[%clk 01:01:23]} {[%emt
00:00:55]} Qe7 {[%clk 00:13:27]} {[%emt 00:00:59]} 29. h4 {[%clk 01:00:53]}
{[%emt 00:01:00]} Qe8 {[%clk 00:12:01]} {[%emt 00:01:54]} 30. Rd4 {[%clk
00:57:01]} {[%emt 00:04:25]} Nf2 {[%clk 00:10:27]} {[%emt 00:02:02]} 31. Qg5
{[%clk 00:55:20]} {[%emt 00:02:10]} Nh3 {[%clk 00:09:38]} {[%emt 00:01:20]} 32.
Qg3 {[%clk 00:55:09]} {[%emt 00:00:38]} Nxg1 {[%clk 00:09:44]} {[%emt
00:00:27]} 33. Qxg1 {[%clk 00:55:29]} {[%emt 00:00:09]} Qe7 {[%clk 00:08:31]}
{[%emt 00:01:42]} 34. Qd1 {[%clk 00:55:26]} {[%emt 00:00:34]} Qxh4 {[%clk
00:06:21]} {[%emt 00:02:39]} 35. Rd7+ {[%clk 00:55:15]} {[%emt 00:00:42]} Ke8
{[%clk 00:06:34]} {[%emt 00:00:18]} 36. Kb1 {[%clk 00:54:58]} {[%emt 00:00:46]}
Rf8 {[%clk 00:04:11]} {[%emt 00:02:54]} 37. Rxa7 {[%clk 00:54:48]} {[%emt
00:00:39]} Qd8 {[%clk 00:03:52]} {[%emt 00:00:46]} 38. Qf3 {[%clk 00:53:42]}
{[%emt 00:01:39]} Rf7 {[%clk 00:03:15]} {[%emt 00:01:07]} 39. Ra4 {[%clk
00:53:23]} {[%emt 00:00:47]} Rd7 {[%clk 00:02:35]} {[%emt 00:01:11]} 40. Qh3
{[%clk 00:52:15]} {[%emt 00:01:39]} Rd1+ {[%clk 00:02:20]} {[%emt 00:00:46]}
41. Bc1 {[%clk 00:52:24]} {[%emt 00:00:20]} h5 {[%clk 00:02:19]} {[%emt
00:00:32]} 42. Qe3 {[%clk 00:52:23]} {[%emt 00:00:30]} c5 {[%clk 00:00:46]}
{[%emt 00:02:02]} 43. Kb2 {[%clk 00:51:36]} {[%emt 00:01:18]} b5 {[%clk
00:30:27]} {[%emt 00:00:47]} 44. Ra7 {[%clk 01:21:17]} {[%emt 00:00:49]} Qd4+
{[%clk 00:30:40]} {[%emt 00:00:18]} 45. Qxd4 {[%clk 01:21:32]} {[%emt
00:00:15]} Rxd4 {[%clk 00:30:42]} {[%emt 00:00:26]} 46. Rb7 {[%clk 01:21:26]}
{[%emt 00:00:39]} Rd7 {[%clk 00:29:20]} {[%emt 00:01:48]} 47. Rxb5 {[%clk
01:21:46]} {[%emt 00:00:13]} h4 {[%clk 00:28:33]} {[%emt 00:01:17]} 48. Be3
{[%clk 01:21:16]} {[%emt 00:00:59]} h3 {[%clk 00:27:50]} {[%emt 00:01:13]} 49.
Bg1 {[%clk 01:21:38]} {[%emt 00:00:07]} Rd1 {[%clk 00:26:49]} {[%emt 00:01:30]}
50. Bh2 {[%clk 01:21:54]} {[%emt 00:00:16]} Rd2 {[%clk 00:26:41]} {[%emt
00:00:36]} 51. Bg1 {[%clk 01:22:01]} {[%emt 00:00:26]} Rg2 {[%clk 00:26:46]}
{[%emt 00:00:24]} 52. Bh2 {[%clk 01:22:19]} {[%emt 00:00:13]} Rxh2 {[%clk
00:26:51]} {[%emt 00:00:25]} 53. a4 {[%clk 01:21:51]} {[%emt 00:00:58]} Rh1
{[%clk 00:27:03]} {[%emt 00:00:20]} 54. a5 {[%clk 01:22:11]} {[%emt 00:00:07]}
h2 {[%clk 00:27:15]} {[%emt 00:00:18]} 55. Rb6 {[%clk 01:22:30]} {[%emt
00:00:11]} Rxb6 {[%clk 00:27:32]} {[%emt 00:00:13]} 56. axb6 {[%clk 01:22:54]}
{[%emt 00:00:05]} Rb1+ {[%clk 00:27:51]} {[%emt 00:00:12]} 57. Kxb1 {[%clk
01:23:12]} {[%emt 00:00:12]} h1=Q+ {[%clk 00:28:15]} {[%emt 00:00:07]} 58. Kb2
{[%clk 01:23:35]} {[%emt 00:00:05]} Qb7 {[%clk 00:28:24]} {[%emt 00:00:21]} 59.
e6 {[%clk 01:23:48]} {[%emt 00:00:18]} Qxb6 {[%clk 00:28:44]} {[%emt 00:00:10]}
60. e7 {[%clk 01:24:16]} {[%emt 00:00:02]} Qf6+ {[%clk 00:28:57]} {[%emt
00:00:17]} 61. Ka2 {[%clk 01:24:31]} {[%emt 00:00:14]} Kxe7 {[%clk 00:28:00]}
{[%emt 00:01:28]} 62. b4 {[%clk 01:24:52]} {[%emt 00:00:10]} cxb4 {[%clk
00:28:16]} {[%emt 00:00:13]} 63. c3 {[%clk 01:25:13]} {[%emt 00:00:10]} Qxc3
{[%clk 00:28:30]} {[%emt 00:00:16]} 64. Kb1 {[%clk 01:25:31]} {[%emt 00:00:12]}
Qd2 {[%clk 00:28:50]} {[%emt 00:00:09]} 65. Ka1 {[%clk 01:25:43]} {[%emt
00:00:18]} b3 {[%clk 00:29:13]} {[%emt 00:00:08]} 66. Kb1 {[%clk 01:25:59]}
{[%emt 00:00:13]} Qc2+ {[%clk 00:29:32]} {[%emt 00:00:11]} 67. Ka1 {[%clk
01:26:18]} {[%emt 00:00:12]} Qa2# {[%emt 00:00:14]} 0-1